000 00415pab a2200157 454500
008 180718b2003 xxu||||| |||| 00| 0 eng d
100 _aSingh, Manjit
245 _aUrban heritage conservation: case study of the city of Jaipur
260 _c2003
300 _ap.44-50.
362 _aJul
650 _aCultural heritage - India - Rajasthan
650 _aCultural heritage
773 _aShelter
909 _a58528
999 _c58528
_d58528